000 01268cam a2200385 a 4500
005 20260322212044.0
008 data
010 _a 00269144
020 _a158279037X (standard)
020 _a1582790493 (deluxe)
020 _a9781582790374 (standard)
020 _a9781582790497 (deluxe)
040 _aDLC
_cDLC
_dDLC
043 _ae-uk-en
050 0 0 _aPR4567
_b.A1 1999
082 0 0 _a823/.8
_221
100 1 _aDickens, Charles,
_d1812-1870.
245 1 4 _aThe adventures of Oliver Twist /
_cCharles Dickens.
246 3 0 _aOliver Twist
260 _a[Naples, Fla.] :
_bTrident Press International,
_c1999.
300 _axiii, 438 p. :
_bill. ;
_c24 cm.
440 0 _a[Signature classics]
500 _aSeries statement on jacket.
650 0 _aBoys
_vFiction.
650 0 _aOrphans
_vFiction.
650 0 _aCriminals
_vFiction.
650 0 _aKidnapping victims
_vFiction.
650 0 _aIdentity (Psychology)
_vFiction.
651 0 _aLondon (England)
_vFiction.
655 7 _aBildungsromans.
_2gsafd
906 _a7
_bcbc
_corignew
_d2
_encip
_f20
_gy-gencatlg
925 0 _aacquire
_b1 shelf copy
_xpolicy default
001 data
999 _c1037
_d1037